000 00688nam a2200229Ia 4500
003 OSt
005 20220923221647.0
006 a|||||r|||| 00| 0
007 ta
008 220922b |||||||| |||| 00| 0 hin d
024 _a199,126
037 _cTextual
040 _aARTS
_cARTS
_bhin
041 _2hin
_ahin
082 _aP15301, 152K5
100 _aगुप्ता, बन्सी लााल
245 0 _aडोगरी भाषा और व्याकरण
246 _aḌogarī bhāṣhā aur vyākaraṇa
260 _c1965
942 _hP15301, 152K5
_cTEXL
_2CC
999 _c350905
_d350905